[Event "32. Balaton Festival 2014 - Open"]
[Site "Balatonboglár"]
[Date "2014.06.21"]
[Round "8.16"]
[White "Morvay, Eszter"]
[Black "Rozsa, Sandor"]
[Result "0-1"]
[WhiteElo "1602"]
[BlackElo "1915"]
[PlyCount "100"]
[EventDate "2014.06.14"]
[EventType "swiss"]
[EventRounds "9"]
[EventCountry "HUN"]
[Source "lmi"]
[SourceDate "2014.06.14"]

1. b3 Nf6 2. Bb2 e6 3. e3 Be7 4. Nc3 b6 5. Nge2 Bb7 6. Ng3 d6 7. Bb5+ Nbd7 8.
f3 a6 9. Bxd7+ Qxd7 10. Qe2 b5 11. Nge4 b4 12. Nd1 Nxe4 13. fxe4 Bxe4 14. Qg4
Qc6 15. Qxg7 O-O-O 16. Rg1 Rhg8 17. Qxf7 Qd7 18. Nf2 Rdf8 19. Qh5 Bxg2 20. Nh3
Bf6 21. Bxf6 Rxf6 22. O-O-O Rfg6 23. Nf4 Rg5 24. Qh4 Qg7 25. Kb1 Rg4 26. Qf2 e5
27. h3 Rg3 28. Nh5 Rf3 29. Qxf3 Bxf3 30. Rxg7 Rxg7 31. Nxg7 Bxd1 32. Ne6 Bh5
33. a3 bxa3 34. c4 Bg6+ 35. Ka2 h6 36. d4 Bf5 37. d5 Bxh3 38. Ng7 Bg4 39. Ne8
h5 40. Nf6 Bf3 41. Nxh5 Bxh5 42. Kxa3 Kb7 43. Kb4 Kb6 44. Ka4 Bd1 45. Ka3 Kc5
46. Ka4 Be2 47. Ka5 Bxc4 48. bxc4 Kxc4 49. Kxa6 Kxd5 50. Kb7 c5 0-1

[Event "32. Balaton Festival 2014 - Open"]
[Site "Balatonboglár"]
[Date "2014.06.22"]
[Round "9.1"]
[White "Grabow, Pouelsten Holm"]
[Black "Aczel, Gergely"]
[Result "1-0"]
[WhiteElo "2147"]
[BlackElo "2464"]
[PlyCount "99"]
[EventDate "2014.06.14"]
[EventType "swiss"]
[EventRounds "9"]
[EventCountry "HUN"]
[Source "lmi"]
[SourceDate "2014.06.14"]

1. d4 f5 2. Nf3 Nf6 3. g3 e6 4. Bg2 d5 5. Bf4 Bd6 6. Bxd6 cxd6 7. O-O O-O 8.
Nbd2 b5 9. a4 b4 10. c4 bxc3 11. bxc3 Nc6 12. c4 Nb4 13. Ne1 Rb8 14. Nc2 dxc4
15. Nxc4 Ba6 16. N2e3 f4 17. gxf4 Nh5 18. Bf3 Nxf4 19. Kh1 Nh3 20. Rb1 Rxf3 21.
exf3 d5 22. Ne5 Bxf1 23. Qxf1 Nf4 24. Ng2 Nxg2 25. Qxg2 Nd3 26. Rg1 Qf6 27.
Nxd3 Qxd4 28. Qg4 Qxg4 29. Rxg4 Rc8 30. Rb4 Kf7 31. Kg2 Rc7 32. a5 Kf6 33. f4
Kf5 34. Kf3 g5 35. Ke3 h6 36. fxg5 hxg5 37. Kd4 Rh7 38. a6 Rxh2 39. Rb7 Rh4+
40. Kc5 Ke4 41. Nb4 Kf3 42. Rxa7 Kxf2 43. Re7 Rc4+ 44. Kb5 Rc8 45. Rxe6 g4 46.
Nxd5 g3 47. Nf4 Rf8 48. a7 Kf3 49. Nh3 g2 50. Rb6 1-0

[Event "32. Balaton Festival 2014 - Open"]
[Site "Balatonboglár"]
[Date "2014.06.22"]
[Round "9.2"]
[White "Pirisi, Gabor"]
[Black "Farago, Ivan"]
[Result "1/2-1/2"]
[WhiteElo "2246"]
[BlackElo "2441"]
[PlyCount "20"]
[EventDate "2014.06.14"]
[EventType "swiss"]
[EventRounds "9"]
[EventCountry "HUN"]
[Source "lmi"]
[SourceDate "2014.06.14"]

1. e4 e6 2. d4 d5 3. e5 c5 4. c3 Qb6 5. a3 c4 6. Nd2 Nc6 7. b3 cxb3 8. Qxb3
Qxb3 9. Nxb3 Bd7 10. Nf3 b6 1/2-1/2

[Event "32. Balaton Festival 2014 - Open"]
[Site "Balatonboglár"]
[Date "2014.06.22"]
[Round "9.4"]
[White "Balint, Vilmos"]
[Black "Babits, Andras"]
[Result "1-0"]
[WhiteElo "2211"]
[BlackElo "2082"]
[PlyCount "47"]
[EventDate "2014.06.14"]
[EventType "swiss"]
[EventRounds "9"]
[EventCountry "HUN"]
[Source "lmi"]
[SourceDate "2014.06.14"]

1. e4 e5 2. Nf3 Nc6 3. Bb5 a6 4. Ba4 Bb4 5. c3 Ba5 6. O-O Nge7 7. d4 exd4 8.
cxd4 d5 9. exd5 Qxd5 10. Bb3 Qh5 11. d5 Na7 12. Qd4 O-O 13. Qc5 Bg4 14. Qxa5
Bxf3 15. gxf3 Qg6+ 16. Kh1 Qd3 17. Nd2 Rad8 18. Qc3 Qf5 19. Rg1 Ng6 20. a4 c6
21. d6 Rxd6 22. Ne4 Rdd8 23. Bg5 Rd7 24. Bh6 1-0

[Event "32. Balaton Festival 2014 - Open"]
[Site "Balatonboglár"]
[Date "2014.06.22"]
[Round "9.5"]
[White "Srebrnic, Vojko"]
[Black "Borsos, Bogdan"]
[Result "1/2-1/2"]
[WhiteElo "2163"]
[BlackElo "2204"]
[PlyCount "116"]
[EventDate "2014.06.14"]
[EventType "swiss"]
[EventRounds "9"]
[EventCountry "HUN"]
[Source "lmi"]
[SourceDate "2014.06.14"]

1. e4 d5 2. exd5 Qxd5 3. Nc3 Qd6 4. g3 Nf6 5. Bg2 c6 6. Nge2 Bf5 7. O-O e6 8.
d3 Be7 9. b4 O-O 10. b5 a6 11. bxc6 Nxc6 12. a4 Rfd8 13. Ba3 Qc7 14. Qb1 Bxa3
15. Rxa3 Na5 16. Qb4 Bg4 17. Re1 Nc6 18. Qc5 Rac8 19. h3 Bxe2 20. Nxe2 Na5 21.
Qxc7 Rxc7 22. c4 Rcd7 23. Nc1 Kf8 24. Rc3 Rc7 25. Ne2 Nd7 26. Ra1 Ne5 27. Raa3
Rcd7 28. Nc1 g5 29. f4 gxf4 30. gxf4 Nec6 31. Kf2 Nd4 32. Ne2 Nf5 33. Be4 Ne7
34. Ke3 f5 35. Bf3 Nec6 36. Ra1 Nb4 37. d4 Rc7 38. c5 Nac6 39. Rc4 a5 40. Rg1
Rg7 41. Rxg7 Kxg7 42. Rc1 Kf6 43. Bxc6 Nxc6 44. Rg1 Nb4 45. Kd2 b6 46. cxb6 Rb8
47. Rc1 Nd5 48. Rc5 Nxb6 49. Nc3 Rg8 50. Rc6 Rg2+ 51. Kd1 Nd7 52. d5 Nf8 53.
dxe6 Nxe6 54. Ra6 Rg3 55. Nd5+ Kf7 56. Ra7+ Kg6 57. Ra6 Kf7 58. Ra7+ Kg6
1/2-1/2

[Event "32. Balaton Festival 2014 - Open"]
[Site "Balatonboglár"]
[Date "2014.06.22"]
[Round "9.7"]
[White "Nagy, Ervin Dr"]
[Black "Rezsek, Gyozo"]
[Result "1-0"]
[WhiteElo "2248"]
[BlackElo "2016"]
[PlyCount "89"]
[EventDate "2014.06.14"]
[EventType "swiss"]
[EventRounds "9"]
[EventCountry "HUN"]
[Source "lmi"]
[SourceDate "2014.06.14"]

1. e4 c5 2. Nf3 Nc6 3. d4 cxd4 4. Nxd4 Nf6 5. Nc3 d6 6. Be2 e5 7. Nb3 Be7 8.
O-O O-O 9. f4 exf4 10. Bxf4 Be6 11. Kh1 d5 12. e5 Nd7 13. Nxd5 Ndxe5 14. Nxe7+
Qxe7 15. Bxe5 Nxe5 16. c3 Bxb3 17. Qxb3 Kh8 18. Rad1 Rad8 19. h3 f6 20. Qa4 a6
21. Qe4 Rfe8 22. Bf3 Rb8 23. Rfe1 Qf7 24. Qd5 Qg6 25. Be4 Qg3 26. Qd4 Nc6 27.
Qd3 Qxd3 28. Bxd3 Rxe1+ 29. Rxe1 Ne5 30. Be4 a5 31. Rd1 b5 32. Rd4 g6 33. Kg1
Kg7 34. Kf2 Kf7 35. Ke2 Ke7 36. g3 Rb6 37. b3 Rb8 38. Rd5 Rb6 39. Ke3 Rb8 40.
Kd4 Rb6 41. Bg2 Rb8 42. Bf1 Nc6+ 43. Kc5 Nd8 44. Bxb5 Ne6+ 45. Kc4 1-0

[Event "32. Balaton Festival 2014 - Open"]
[Site "Balatonboglár"]
[Date "2014.06.22"]
[Round "9.8"]
[White "Nemeth, Andras"]
[Black "Toth, Sarolta"]
[Result "0-1"]
[WhiteElo "2043"]
[BlackElo "2176"]
[PlyCount "78"]
[EventDate "2014.06.14"]
[EventType "swiss"]
[EventRounds "9"]
[EventCountry "HUN"]
[Source "lmi"]
[SourceDate "2014.06.14"]

1. e4 e5 2. Nf3 Nc6 3. Bb5 Nf6 4. O-O Nxe4 5. d4 Nd6 6. Bxc6 dxc6 7. dxe5 Nf5
8. Qxd8+ Kxd8 9. Nc3 h6 10. g4 Ne7 11. h3 Ng6 12. Ne4 Be6 13. Re1 c5 14. Be3 b6
15. Rad1+ Kc8 16. b3 a5 17. c4 a4 18. Kg2 Be7 19. Nc3 axb3 20. axb3 Ra3 21. Rb1
Bxc4 22. Nd2 Bd3 23. Rb2 Nxe5 24. Nd5 Bd6 25. Bf4 f6 26. Re3 Ba6 27. Ne4 Bb7
28. Rd2 Bxd5 29. Rxd5 Rd8 30. Bg3 Nf7 31. f4 c4 32. Kf3 cxb3 33. Rb5 b2 34.
Rxb2 Rxe3+ 35. Kxe3 Re8 36. Kd4 Kb7 37. h4 Rd8 38. Nxd6+ Nxd6 39. Kd5 Nf5+ 0-1

[Event "32. Balaton Festival 2014 - Open"]
[Site "Balatonboglár"]
[Date "2014.06.22"]
[Round "9.9"]
[White "Pozsonyi, Istvan"]
[Black "Metaxasz, Vaszilisz"]
[Result "0-1"]
[WhiteElo "2016"]
[BlackElo "2068"]
[PlyCount "72"]
[EventDate "2014.06.14"]
[EventType "swiss"]
[EventRounds "9"]
[EventCountry "HUN"]
[Source "lmi"]
[SourceDate "2014.06.14"]

1. c4 c5 2. g3 Nc6 3. Bg2 g6 4. Nc3 Bg7 5. a3 d6 6. Nf3 e5 7. O-O Nge7 8. d3
O-O 9. Rb1 a5 10. Ne1 Be6 11. Nd5 Rb8 12. Nc2 b6 13. Bd2 Nd4 14. Nce3 Ndf5 15.
b4 axb4 16. axb4 Nxe3 17. Bxe3 Nxd5 18. cxd5 Bf5 19. Qb3 Qc7 20. Rfc1 Rfc8 21.
Bd2 Bd7 22. b5 Ra8 23. Ra1 Qb7 24. e4 Rxa1 25. Rxa1 Ra8 26. Ra4 Qc8 27. Qa3 Rb8
28. Ra7 Qe8 29. Rc7 Bxb5 30. Bh3 Ra8 31. Ra7 Rxa7 32. Qxa7 Bxd3 33. Qxb6 Qa4
34. Qb8+ Bf8 35. Bh6 Qd1+ 36. Kg2 Bf1+ 0-1

[Event "32. Balaton Festival 2014 - Open"]
[Site "Balatonboglár"]
[Date "2014.06.22"]
[Round "9.10"]
[White "Kozma, Edit"]
[Black "Lang, Gusztav"]
[Result "1-0"]
[WhiteElo "1962"]
[BlackElo "1986"]
[PlyCount "42"]
[EventDate "2014.06.14"]
[EventType "swiss"]
[EventRounds "9"]
[EventCountry "HUN"]
[Source "lmi"]
[SourceDate "2014.06.14"]

1. e4 d6 2. d4 Nf6 3. Nc3 g6 4. f4 Bg7 5. Nf3 O-O 6. Bd3 c6 7. O-O Nbd7 8. e5
dxe5 9. fxe5 Nd5 10. Nxd5 cxd5 11. c3 e6 12. Kh1 h6 13. Bf4 b6 14. Qd2 Kh7 15.
h4 a5 16. h5 Ba6 17. hxg6+ fxg6 18. g3 Bxd3 19. Qxd3 Nb8 20. Kg2 Nc6 21. Rh1
Ne7 1-0

[Event "32. Balaton Festival 2014 - Open"]
[Site "Balatonboglár"]
[Date "2014.06.22"]
[Round "9.11"]
[White "Baliuniene, Margarita"]
[Black "Nemeth, Attila Janos"]
[Result "1-0"]
[WhiteElo "1957"]
[BlackElo "2041"]
[PlyCount "153"]
[EventDate "2014.06.14"]
[EventType "swiss"]
[EventRounds "9"]
[EventCountry "HUN"]
[Source "lmi"]
[SourceDate "2014.06.14"]

1. d4 Nf6 2. c4 e6 3. Nc3 Bb4 4. Nf3 c5 5. e3 O-O 6. Bd3 d6 7. Qc2 Nc6 8. O-O
Bxc3 9. Qxc3 Qb6 10. b3 Bd7 11. Bb2 Qa5 12. Qc2 Nb4 13. Qd2 Qc7 14. Bb1 Rfe8
15. dxc5 dxc5 16. Be5 Qc8 17. Ng5 h6 18. Bxf6 hxg5 19. Bxg5 e5 20. Qe2 Bg4 21.
f3 Bf5 22. Bxf5 Qxf5 23. Bh4 f6 24. a3 Nc6 25. Rad1 Rad8 26. Rd5 b6 27. Rfd1
Rxd5 28. cxd5 Nd8 29. e4 Qd7 30. Qc4 Nf7 31. Be1 Nd6 32. Qa6 Rc8 33. Rc1 Kf7
34. a4 Qb7 35. Qxb7+ Nxb7 36. Kf2 a6 37. Ke3 Ke7 38. f4 exf4+ 39. Kxf4 Nd6 40.
h4 Kd7 41. Bg3 Re8 42. Re1 b5 43. axb5 axb5 44. e5 fxe5+ 45. Rxe5 Rf8+ 46. Kg4
Rf6 47. Rg5 g6 48. Be5 Rf2 49. Rxg6 Rxg2+ 50. Kh5 Rxg6 51. Kxg6 c4 52. bxc4
Nxc4 53. Bc3 Ne3 54. h5 Nxd5 55. h6 Nxc3 56. h7 b4 57. h8=Q Kc6 58. Qd4 Kb5 59.
Kf5 Ka4 60. Ke5 Ka3 61. Qc4 Na4 62. Qc1+ Ka2 63. Qc2+ Ka3 64. Kd4 b3 65. Qd3
Kb4 66. Qd2+ Ka3 67. Kc4 Nb6+ 68. Kb5 b2 69. Qc2 Ka2 70. Kxb6 Ka1 71. Qa4+ Kb1
72. Kc5 Kc1 73. Qc4+ Kd2 74. Qb3 Kc1 75. Qc3+ Kb1 76. Kb4 Ka2 77. Qa3+ 1-0

[Event "32. Balaton Festival 2014 - Open"]
[Site "Balatonboglár"]
[Date "2014.06.22"]
[Round "9.12"]
[White "Vitai, Tamas"]
[Black "Gaal, Alexander"]
[Result "1-0"]
[WhiteElo "1946"]
[BlackElo "1980"]
[PlyCount "63"]
[EventDate "2014.06.14"]
[EventType "swiss"]
[EventRounds "9"]
[EventCountry "HUN"]
[Source "lmi"]
[SourceDate "2014.06.14"]

1. e4 g6 2. d4 Bg7 3. Bc4 d6 4. Be3 a6 5. Qd2 e6 6. Nc3 b5 7. Bb3 Bb7 8. f3 h5
9. Nh3 Qh4+ 10. Nf2 Bh6 11. O-O-O Nd7 12. g3 Qe7 13. Rhe1 Nb6 14. Bxh6 Nxh6 15.
Nd5 Qd8 16. Nxb6 cxb6 17. f4 Qd7 18. d5 O-O-O 19. Qd4 exd5 20. Qxb6 dxe4 21.
Nxe4 Nf5 22. Nc5 Qc7 23. Qxb7+ Qxb7 24. Nxb7 Kxb7 25. Bxf7 Nh6 26. Bxg6 Ng4 27.
Re2 Kc7 28. Re7+ Kc6 29. b4 Nf6 30. Rd3 h4 31. Rc3+ Kb6 32. Rec7 1-0

[Event "32. Balaton Festival 2014 - Open"]
[Site "Balatonboglár"]
[Date "2014.06.22"]
[Round "9.17"]
[White "Radics, Laszlo Dr"]
[Black "Miszler, Levente"]
[Result "1-0"]
[WhiteElo "1920"]
[BlackElo "1639"]
[PlyCount "35"]
[EventDate "2014.06.14"]
[EventType "swiss"]
[EventRounds "9"]
[EventCountry "HUN"]
[Source "lmi"]
[SourceDate "2014.06.14"]

1. e4 c5 2. Nf3 d6 3. d4 cxd4 4. Nxd4 Nf6 5. Nc3 a6 6. Bc4 e6 7. Qe2 Be7 8. Be3
O-O 9. O-O-O b5 10. Bb3 Qc7 11. g4 Nc6 12. g5 Nxd4 13. Bxd4 Nd7 14. Qh5 Nc5 15.
Rhg1 Nxb3+ 16. axb3 Bb7 17. Bf6 b4 18. Qh6 1-0

[Event "32. Balaton Festival 2014 - Open"]
[Site "Balatonboglár"]
[Date "2014.06.22"]
[Round "9.18"]
[White "Rabovszky, Gyorgy"]
[Black "Morvay, Eszter"]
[Result "1-0"]
[WhiteElo "1901"]
[BlackElo "1602"]
[PlyCount "81"]
[EventDate "2014.06.14"]
[EventType "swiss"]
[EventRounds "9"]
[EventCountry "HUN"]
[Source "lmi"]
[SourceDate "2014.06.14"]

1. e4 c5 2. Nf3 e6 3. d4 cxd4 4. Nxd4 a6 5. Nc3 b5 6. Bd3 Bc5 7. Nb3 Ba7 8. O-O
Ne7 9. a4 b4 10. Ne2 a5 11. Nbd4 d5 12. exd5 Nxd5 13. c3 bxc3 14. bxc3 O-O 15.
Ba3 Nxc3 16. Nxc3 Bxd4 17. Bxf8 Kxf8 18. Be4 Ra6 19. Rb1 Nc6 20. Nb5 Bf6 21.
Qxd8+ Bxd8 22. Nd6 Bd7 23. Rb7 Ke7 24. Nxf7 Kxf7 25. Bxc6 Rxc6 26. Rxd7+ Be7
27. Rfd1 Kf6 28. Kf1 Rc4 29. R1d4 Rc1+ 30. Ke2 Bc5 31. Rc7 Rc2+ 32. Kd3 Bxd4
33. Rxc2 Bb6 34. f3 h5 35. Kc4 g5 36. Kb5 Bd8 37. Rc8 Ke7 38. Rxd8 Kxd8 39.
Kxa5 Kc7 40. Kb5 g4 41. Kc5 1-0